000 00655nam a22001817a 4500
999 _c177690
_d177690
005 20210225152635.0
010 _aENG-129065
020 _c599.00
_a978-1-5417-3064-9
035 _aEN-112597
037 _bDBAD/PUB
082 _a006.301
100 _aWebb, Amy
245 _aThe Big Nine: How the Tech Titans and Their Thinking Machines Could Warp Humanity/
_bAmy Webb
260 _aGurugram
_bHachette Book Publishing India Pvt. Ltd.
_c2019
270 _bGurugram
_a4th/5th Floors, Corporate Centre, Plot No- 94, Sec- 44
_e122003
300 _a320p.
_c24cm(pbk)
_bIncluding illustrations and index.
942 _2ddc
_cEN
_h006.301
_mWEB